[Event "Niedersachsen-ch"]
[Site "Verden an der Aller"]
[Date "2024.01.07"]
[Round "7"]
[White "Von Mettenheim, Johannes"]
[Black "Heinemann, Ernst"]
[Result "1-0"]
[WhiteElo "2284"]
[BlackElo "2033"]
[PlyCount "49"]
[EventDate "2024.01.04"]
[EventType "swiss"]
[EventRounds "7"]
[EventCountry "GER"]
[SourceTitle "CB02_2024"]
[SourceDate "2024.01.10"]
[SourceVersion "1"]
[SourceVersionDate "2024.01.10"]
[SourceQuality "1"]

1. d4 Nf6 2. c4 c5 3. d5 b5 4. cxb5 a6 5. e3 axb5 6. Bxb5 Qa5+ 7. Nc3 Bb7 8. Bd2 Qb6 9. Nf3 Nxd5 10. a4 Nb4 11. 0-0 e6 12. e4 Be7 13. Ne5 0-0 14. Bf4 d5 15. exd5 exd5 16. Qg4 Bf6 17. Qg3 d4 18. Nc4 Qd8 19. Bc7 Bh4 20. Bxd8 Bxg3 21. Be7 dxc3 22. fxg3 Nc2 23. Rad1 Nc6 24. Bxf8 Kxf8 25. Rd7 1-0

[Event "EU-ch U16 31st"]
[Site "Mamaia"]
[Date "2023.09.08"]
[Round "4"]
[White "Von Mettenheim, Johannes"]
[Black "Milikow, Elie"]
[Result "0-1"]
[WhiteElo "2323"]
[BlackElo "2430"]
[PlyCount "69"]
[EventDate "2023.09.05"]
[EventType "swiss"]
[EventRounds "9"]
[EventCountry "ROU"]
[SourceTitle "EXT 2024"]
[Source "ChessBase"]
[SourceDate "2023.10.10"]
[SourceVersion "1"]
[SourceVersionDate "2023.10.10"]
[SourceQuality "1"]

1. d4 Nf6 2. c4 e6 3. Nf3 d5 4. cxd5 exd5 5. Nc3 Be6 6. Bf4 c6 7. e3 h6 8. h3 Nbd7 9. Bd3 g6 10. 0-0 Bg7 11. Bd6 Nb6 12. Ba3 Nc8 13. Ne5 Nd6 14. Qf3 Qc7 15. Rac1 a6 16. Ng4 Nxg4 17. Nxd5 Bxd5 18. Qxd5 0-0-0 19. Qf3 Nf6 20. e4 Nb5 21. d5 Nxa3 22. dxc6 b5 23. bxa3 Rd4 24. a4 Rxa4 25. Qe2 Rd8 26. Rfd1 Rad4 27. a4 Rxa4 28. e5 Nd5 29. Qf3 Rf4 30. Qe2 Bxe5 31. Bxb5 axb5 32. Qxb5 Qa7 33. Rxd5 Rxd5 34. Qxd5 Qxf2+ 35. Kh1 0-1

[Event "Prague Summer op-A 10th"]
[Site "Prague"]
[Date "2023.08.10"]
[Round "8"]
[White "Yamada, Kohei"]
[Black "Von Mettenheim, Johannes"]
[Result "1/2-1/2"]
[WhiteElo "2171"]
[BlackElo "2316"]
[PlyCount "38"]
[EventDate "2023.08.04"]
[EventType "swiss"]
[EventRounds "9"]
[EventCountry "CZE"]
[SourceTitle "CBM 215 Extra"]
[Source "ChessBase"]
[SourceDate "2023.09.30"]
[SourceVersion "1"]
[SourceVersionDate "2023.09.30"]
[SourceQuality "1"]

1. e4 e5 2. Nf3 Nc6 3. Bc4 Nf6 4. d3 Bc5 5. c3 a5 6. 0-0 d6 7. Re1 0-0 8. h3 h6 9. d4 Bb6 10. Bb3 Re8 11. Bc2 Bd7 12. a3 Qb8 13. a4 exd4 14. cxd4 Qa7 15. Be3 Nxe4 16. Nc3 Nf6 17. Qd2 Nb4 18. Bb3 Qa6 19. Rad1 Kh7 1/2-1/2

[Event "Prague Summer op-A 10th"]
[Site "Prague"]
[Date "2023.08.05"]
[Round "2"]
[White "Hrbolka, Ladislav"]
[Black "Von Mettenheim, Johannes"]
[Result "0-1"]
[WhiteElo "2055"]
[BlackElo "2316"]
[PlyCount "46"]
[EventDate "2023.08.04"]
[EventType "swiss"]
[EventRounds "9"]
[EventCountry "CZE"]
[SourceTitle "CBM 215 Extra"]
[Source "ChessBase"]
[SourceDate "2023.09.30"]
[SourceVersion "1"]
[SourceVersionDate "2023.09.30"]
[SourceQuality "1"]

1. d4 d5 2. Nf3 Nf6 3. c4 c6 4. Nc3 dxc4 5. a4 Bf5 6. Ne5 e6 7. f3 Bb4 8. e4 Bxe4 9. fxe4 Nxe4 10. Bd2 Qxd4 11. Nxe4 Qxe4+ 12. Qe2 Bxd2+ 13. Kxd2 Qd5+ 14. Kc2 Na6 15. Nxc4 0-0 16. Rd1 Qf5+ 17. Kb3 b5 18. Ne5 Qf4 19. axb5 cxb5 20. Ka2 Qa4+ 21. Kb1 Nb4 22. Rd3 Qa2+ 23. Kc1 Rac8+ 0-1

[Event "EU-chT U18"]
[Site "Iasi"]
[Date "2023.07.29"]
[Round "6.4"]
[White "Milikow, Elie"]
[Black "Von Mettenheim, Johannes"]
[Result "1-0"]
[WhiteElo "2424"]
[BlackElo "2327"]
[PlyCount "113"]
[EventDate "2023.07.24"]
[EventType "team-swiss"]
[EventRounds "7"]
[EventCountry "ROU"]
[SourceTitle "CBM 215 Extra"]
[Source "ChessBase"]
[SourceDate "2023.09.30"]
[SourceVersion "1"]
[SourceVersionDate "2023.09.30"]
[SourceQuality "1"]
[WhiteTeam "Israel U18"]
[BlackTeam "Germany U18"]
[WhiteTeamCountry "ISR"]
[BlackTeamCountry "GER"]

1. e4 e5 2. Nf3 Nc6 3. Bb5 a6 4. Ba4 Bc5 5. 0-0 Nge7 6. c3 Ng6 7. d4 Ba7 8. Bb3 0-0 9. Bg5 Qe8 10. h4 exd4 11. cxd4 Qxe4 12. h5 Nf4 13. Bc2 Ne2+ 14. Kh1 Qg4 15. Qxe2 Qxh5+ 16. Kg1 Nxd4 17. Nxd4 Qxg5 18. Qd3 g6 19. Nc3 Qd8 20. Nf3 c6 21. Qd6 Bb8 22. Qd4 d5 23. Rad1 Ba7 24. Qf4 Kg7 25. Rfe1 Qf6 26. Qg3 Be6 27. Ne2 Bb8 28. Qg5 Bd6 29. Ned4 Bd7 30. Re2 Rad8 31. Rde1 c5 32. Nb3 Qxg5 33. Nxg5 Bb5 34. Re3 Bf4 35. Ne6+ fxe6 36. Rxe6 Bd6 37. Na5 Rf7 38. a4 Bc6 39. b3 Rf6 40. Nxc6 bxc6 41. Re8 Rf8 42. Rxf8 Kxf8 43. a5 Kf7 44. Bd3 Ra8 45. g3 Ra7 46. Kg2 Rb7 47. Bxa6 Rxb3 48. Bc8 Ra3 49. a6 Bf8 50. Rb1 c4 51. Rb6 c3 52. Rxc6 d4 53. Rc7+ Kf6 54. a7 Kg5 55. f4+ Kf6 56. Rc6+ Kg7 57. Ba6 1-0

[Event "GER-ch U16"]
[Site "Willingen"]
[Date "2023.05.31"]
[Round "5"]
[White "Von Mettenheim, Johannes"]
[Black "Sidletskyi, Ivan"]
[Result "0-1"]
[WhiteElo "2329"]
[BlackElo "2152"]
[PlyCount "120"]
[EventDate "2023.05.27"]
[EventType "swiss"]
[EventRounds "9"]
[EventCountry "GER"]
[SourceTitle "CBM 214 Extra"]
[Source "ChessBase"]
[SourceDate "2023.07.31"]
[SourceVersion "1"]
[SourceVersionDate "2023.07.31"]
[SourceQuality "1"]

1. d4 Nf6 2. c4 e6 3. Nf3 d5 4. g3 Bb4+ 5. Bd2 Bd6 6. Bg2 c6 7. 0-0 Nbd7 8. Qc2 0-0 9. Bf4 Bxf4 10. gxf4 b6 11. cxd5 Nxd5 12. e3 Ba6 13. Rd1 Rc8 14. Nc3 N7f6 15. Qa4 Nxc3 16. bxc3 Be2 17. Re1 Bxf3 18. Bxf3 Qd7 19. Qb3 c5 20. a4 Rc7 21. Red1 cxd4 22. cxd4 Rfc8 23. Qb5 Rc2 24. Qxd7 Nxd7 25. Rdb1 Kf8 26. a5 bxa5 27. Kg2 Nb6 28. Be4 Rd2 29. Kf1 Nc4 30. Ke1 Rb2 31. Rxb2 Nxb2 32. Rxa5 Rc7 33. Ra2 Nc4 34. Rc2 Rc8 35. Bb7 Rb8 36. Ba6 Rb1+ 37. Ke2 Rb2 38. Rxb2 Nxb2 39. Kd2 Na4 40. Kd3 Ke7 41. Kc2 Kd6 42. Kb3 Nb6 43. e4 Nd7 44. Kc3 Kc6 45. Bc4 Nf6 46. f3 g6 47. Kd3 a5 48. f5 gxf5 49. exf5 Nd5 50. fxe6 fxe6 51. Ke4 Kd6 52. f4 a4 53. f5 exf5+ 54. Kd3 a3 55. Kd2 Nb4 56. Kc3 a2 57. Kb2 f4 58. Ka1 f3 59. Kb2 f2 60. Ka1 Nc2+ 0-1

[Event "Fagernes op-A"]
[Site "Fagernes"]
[Date "2023.04.08"]
[Round "8"]
[White "Prraneeth, Vuppala"]
[Black "Von Mettenheim, Johannes"]
[Result "1/2-1/2"]
[WhiteElo "2437"]
[BlackElo "2317"]
[PlyCount "92"]
[EventDate "2023.04.02"]
[EventType "swiss"]
[EventRounds "9"]
[EventCountry "NOR"]
[SourceTitle "CBM 213 Extra"]
[Source "ChessBase"]
[SourceDate "2023.05.31"]
[SourceVersion "1"]
[SourceVersionDate "2023.05.31"]
[SourceQuality "1"]

1. e4 c6 2. d4 d5 3. e5 Bf5 4. Nf3 e6 5. Be2 Ne7 6. c3 Ng6 7. 0-0 f6 8. exf6 Qxf6 9. Qb3 b6 10. c4 Bd6 11. Bg5 Qf7 12. cxd5 exd5 13. Qe3+ Qe6 14. Qxe6+ Bxe6 15. Re1 0-0 16. Bd3 Bg4 17. Bxg6 hxg6 18. Nbd2 Nd7 19. Nh4 Kf7 20. h3 Bf5 21. g4 Bd3 22. Re3 Ba6 23. Rae1 Nf6 24. Nhf3 c5 25. Ne5+ Bxe5 26. dxe5 Nh7 27. e6+ Kg8 28. Re5 Bb7 29. e7 Rfe8 30. f4 Rac8 31. Bh4 Rc7 32. Nf3 Nf6 33. Re6 d4 34. Bxf6 gxf6 35. Nh4 Kg7 36. g5 fxg5 37. Rxg6+ Kh7 38. fxg5 Rcxe7 39. Rh6+ Kg8 40. Rg6+ Kh7 41. Rh6+ Kg8 42. Rxe7 Rxe7 43. Nf5 Re5 44. Rg6+ Kh8 45. Rh6+ Kg8 46. Rg6+ Kh8 1/2-1/2

[Event "Fagernes op-A"]
[Site "Fagernes"]
[Date "2023.04.05"]
[Round "5"]
[White "Von Mettenheim, Johannes"]
[Black "Hillarp Persson, Tiger"]
[Result "0-1"]
[WhiteElo "2317"]
[BlackElo "2513"]
[PlyCount "62"]
[EventDate "2023.04.02"]
[EventType "swiss"]
[EventRounds "9"]
[EventCountry "NOR"]
[SourceTitle "CBM 213 Extra"]
[Source "ChessBase"]
[SourceDate "2023.05.31"]
[SourceVersion "1"]
[SourceVersionDate "2023.05.31"]
[SourceQuality "1"]

1. d4 d6 2. e4 g6 3. Nc3 Bg7 4. Be3 a6 5. Qd2 b5 6. h4 Nf6 7. Bh6 Bxh6 8. Qxh6 b4 9. Nd5 Nxe4 10. Qg7 Rf8 11. Bd3 c6 12. Bxe4 cxd5 13. Bxd5 Ra7 14. h5 e6 15. Bf3 Rc7 16. Qxh7 gxh5 17. Rxh5 Nd7 18. Qd3 Nf6 19. Rh1 Bd7 20. a3 Qb8 21. Qb3 a5 22. axb4 a4 23. Rxa4 Bxa4 24. Qxa4+ Ke7 25. c3 Ra7 26. Qd1 Ra2 27. Ne2 Qa7 28. Qd2 Ra1+ 29. Nc1 Rb1 30. Bd1 Rg8 31. f3 Qa1 0-1

[Event "Fagernes op-A"]
[Site "Fagernes"]
[Date "2023.04.02"]
[Round "1"]
[White "Socko, Bartosz"]
[Black "Von Mettenheim, Johannes"]
[Result "1-0"]
[WhiteElo "2601"]
[BlackElo "2317"]
[PlyCount "53"]
[EventDate "2023.04.02"]
[EventType "swiss"]
[EventRounds "9"]
[EventCountry "NOR"]
[SourceTitle "CBM 213 Extra"]
[Source "ChessBase"]
[SourceDate "2023.05.31"]
[SourceVersion "1"]
[SourceVersionDate "2023.05.31"]
[SourceQuality "1"]

1. d4 d5 2. Nf3 Nf6 3. g3 c6 4. Bg2 Bf5 5. 0-0 e6 6. c4 Nbd7 7. Nc3 Be7 8. Nh4 dxc4 9. Nxf5 exf5 10. d5 cxd5 11. Nxd5 0-0 12. Bf4 Bc5 13. Rc1 Qa5 14. Rxc4 Bb6 15. a4 Qa6 16. Ne7+ Kh8 17. Qc2 g6 18. Rd1 Rae8 19. Bd6 Ng4 20. e3 Bd8 21. Nc8 Rg8 22. b4 Bf6 23. b5 Qa5 24. Bb4 Qd8 25. Rc7 Nge5 26. f4 Qxc8 27. fxe5 1-0

[Event "Braunschweig"]
[Site "Braunschweig"]
[Date "2022.08.07"]
[Round "9"]
[White "Sumets, Andrey"]
[Black "Von Mettenheim, Johannes"]
[Result "1-0"]
[WhiteElo "2542"]
[BlackElo "2253"]
[PlyCount "81"]
[EventDate "2022.07.30"]
[EventType "tourn"]
[EventRounds "9"]
[EventCountry "GER"]
[EventCategory "3"]
[SourceTitle "CBM 209 Extra"]
[Source "ChessBase"]
[SourceDate "2022.09.30"]
[SourceVersion "1"]
[SourceVersionDate "2022.09.30"]
[SourceQuality "1"]

1. Nf3 Nf6 2. c4 e6 3. Nc3 c5 4. g3 b6 5. Bg2 Bb7 6. 0-0 a6 7. d4 cxd4 8. Qxd4 d6 9. Rd1 Nbd7 10. Bg5 Be7 11. Qd2 0-0 12. Bf4 Ne8 13. Rac1 Rc8 14. b3 Ndf6 15. h3 Rc7 16. Be3 Nd7 17. a4 Nc5 18. Qa2 Qc8 19. Bf4 Nd7 20. e4 Nef6 21. Qc2 Qa8 22. Ne1 Ne5 23. Be3 Nfd7 24. f4 Nc6 25. Nd3 Nc5 26. Rb1 Na5 27. Nf2 Rfc8 28. Bf1 Nd7 29. h4 d5 30. exd5 exd5 31. Qf5 g6 32. Qh3 Nxb3 33. Rxb3 dxc4 34. Rbb1 Nc5 35. Rxb6 Bf3 36. Bg2 Bf8 37. Qh1 Qa7 38. Rdb1 Bxg2 39. Qxg2 Bg7 40. Nd5 Rd7 41. Bxc5 1-0

[Event "GER-ch U18"]
[Site "Willingen"]
[Date "2022.06.08"]
[Round "6"]
[White "Pubantz, Jan"]
[Black "Von Mettenheim, Johannes"]
[Result "1-0"]
[WhiteElo "2260"]
[BlackElo "2219"]
[PlyCount "89"]
[EventDate "2022.06.04"]
[EventType "swiss"]
[EventRounds "9"]
[EventCountry "GER"]
[SourceTitle "CBM 208 Extra"]
[Source "ChessBase"]
[SourceDate "2022.07.31"]
[SourceVersion "1"]
[SourceVersionDate "2022.07.31"]
[SourceQuality "1"]

1. d4 Nf6 2. c4 e6 3. Nc3 Bb4 4. Qc2 d5 5. a3 Bxc3+ 6. Qxc3 dxc4 7. Qxc4 b6 8. Bf4 Ba6 9. Qxc7 Qd5 10. Qd6 Qf5 11. f3 Qb5 12. Rc1 Nd5 13. Bg5 Nd7 14. Qc6 Qxc6 15. Rxc6 Bb5 16. Rc1 f5 17. Nh3 0-0 18. e4 Bxf1 19. Rxf1 N5f6 20. Nf2 Rfd8 21. Ke2 h6 22. Bxf6 Nxf6 23. Rfd1 Rd7 24. Rc6 fxe4 25. fxe4 Rad8 26. Ke3 Kf7 27. h3 Ke7 28. Rc4 Ne8 29. Ng4 Nd6 30. Rc2 Nf7 31. Nh2 g5 32. Rcd2 Nd6 33. Rc2 Nf7 34. Nf3 Rg8 35. g4 h5 36. Rg1 Rh8 37. h4 hxg4 38. Rxg4 gxh4 39. Nxh4 Rhd8 40. Ng6+ Ke8 41. Nf4 e5 42. Rg8+ Ke7 43. Ng6+ Kd6 44. dxe5+ Nxe5 45. Rxd8 1-0